000 00379nam a2200145Ia 4500
041 _aArabic
082 _a210.072 cut-428 ق
100 _a20260118u\\\\\\\\\\\y0engy0103\\\\ba
100 _aامال قراحي
245 0 _aالاسلام الاسيوي
250 _aط1
260 _bدار الطليعة
_aبيروت - لبنان
_c2006
300 _a207
942 _cBk
999 _c190169
_d190169